|
|
|
|
| LEADER |
00997naa a2200217 i 4500 |
| 001 |
acta68426 |
| 005 |
20260224081030.0 |
| 008 |
200807s2009 hu o 100 hun d |
| 020 |
|
|
|a 978-963-9573-55-0
|
| 040 |
|
|
|a SZTE Egyetemi Kiadványok Repozitórium
|b hun
|
| 041 |
|
|
|a hun
|
| 100 |
1 |
|
|a Megyesi Boldizsár
|
| 245 |
1 |
2 |
|a A társadalmi tőke és az identitás szerepe a vidékről kialakult képben
|h [elektronikus dokumentum] /
|c Megyesi Boldizsár
|
| 260 |
|
|
|c 2009
|
| 300 |
|
|
|a 163
|
| 490 |
0 |
|
|a Tudásjavak áramlása a közép-kelet-európai régióban a rendszerváltást követően : a Magyar Szociológiai Társaság éves konferenciája
|
| 650 |
|
4 |
|a Társadalomtudományok
|
| 650 |
|
4 |
|a Szociológia
|
| 695 |
|
|
|a Vidékfejlesztés - Magyarország - előadáskivonat
|
| 710 |
|
|
|a Tudásjavak áramlása a közép-kelet-európai régióban a rendszerváltást követően (2008) (Veszprém)
|
| 856 |
4 |
0 |
|u http://acta.bibl.u-szeged.hu/68426/1/2009_tudasjavak_aramlasa_163.pdf
|z Dokumentum-elérés
|